000 00705nam a2200265 i 4500
001 C2-0234538
003 PPAK
005 20180727194940.0
008 010802s2001 my |||| ||||| | may d
020 _a9830572382
040 _aPPAK
_beng
_cPPAK
_erda
082 0 4 _a899.233
_223
090 0 0 _a899.233
_bAHM
_dK
100 0 _aAhmad Rizal,
_eauthor
245 1 0 _aSyahid
264 1 _aKuala Lumpur :
_bGoodmark Enterprise ,
_c2001
300 _a106 pages ;
_c18 cm
336 _2rdacontent
_atext
337 _2rdamedia
_aunmediated
338 _2rdacarrier
_avolume
490 1 _aSiri novel moral toba
650 1 0 _aChildren's stories, Malay
830 0 _aSiri novel moral toba
942 _ddc
_cB
999 _c50771
_d50771